00701nam a2200217Ia 450000500170000000800410001702000150005805000230007310000300009624501010012626000370022730000180026433600100028233700140029233800120030644000310031850000210034965000310037065000420040170000400044320231102150858.0120626s1970 mx 000 0 spa d a9684510667 aQA273b S6418 1970 aSpiegel, Murray R.eautor aTeoría y problemas de estadística c/ Murray R. Spiegel; Traductor Jose Luis Gómez Espadas aMéxicob: McGraw- Hillc, 1970 a357 páginas atexto asin medio avolumen aSerie de compendios Schaum aIncluye índice aPROBABILIDADESxEJERCICIOS aESTADÍSTICA MATEMÁTICAxPROBLEMAS aGomez Espadas, Jose Luisetraductor